20 Years of Animation Quiz Stats

Quiz Updated Jan 11, 2018

Challenge
Share
Tweet
Score 0/20 Timer 08:00
1 Play Today
% Correct
Toy Story 2
99%
Shrek
98.8%
Finding Nemo
98.7%
Cars
98.6%
Shrek 2
98.2%
Cars 2
98.1%
Shrek The Third
98.1%
Toy Story 3
98.1%
Up
97.5%
Frozen
97.5%
% Correct
Ice Age
97.4%
WALL-E
97.2%
Madagascar
96.8%
Finding Dory
96.6%
A Bug's Life
96.4%
Inside Out
96%
The LEGO Movie
95%
Brave
93.1%
Despicable Me 3
87.9%
Dinosaur
72.7%

You're not logged in!

Compare scores with friends on all Sporcle quizzes.
Join for Free
OR
Log In

You Might Also Like...

Show Comments

Extras

Top Quizzes Today


Score Distribution

Your Account Isn't Verified!

In order to create a playlist on Sporcle, you need to verify the email address you used during registration. Go to your Sporcle Settings to finish the process.

Report this User

Report this user for behavior that violates our Community Guidelines.

Details: